00517cam a22002171 4500001001300000003000400013005001700017008004100034010001700075035002000092040001800112042001200130050001900142100003300161245002500194260001100219300001900230500001400249500001900263999001700282sa 67000025 DLC20260227112311.0890623s1963 ii 000 1 hino  asa 67000025  a(OCoLC)19918628 aDLCcWaUdDLC apremarc00aPK2098.A9bG451 aAzad, Pratap Chandra,d1915-10aGhara kā cirāga. c[1963] a191 p.c19 cm. aIn Hindi. aShort stories. c71699d71699